Tracer applications for the study of organic reactions / (Record no. 72446)
[ view plain ]
| 000 -LEADER | |
|---|---|
| fixed length control field | 00773nam a2200253 a 4500 |
| 001 - CONTROL NUMBER | |
| control field | 72446 |
| 003 - CONTROL NUMBER IDENTIFIER | |
| rucl marc code | BD-RjUL |
| 005 - DATE AND TIME OF LATEST TRANSACTION | |
| control field | 20211209082248.0 |
| 008 - FIXED-LENGTH DATA ELEMENTS--GENERAL INFORMATION | |
| fixed length control field | 170518s1957 nyua b 001 0 eng d |
| 035 ## - SYSTEM CONTROL NUMBER | |
| System control number | (BD-RjUL)72664 |
| 040 ## - CATALOGING SOURCE | |
| Original cataloging agency | DLC/ICU |
| Transcribing agency | ICU |
| Modifying agency | BD-RjUL |
| Language of cataloging | eng |
| 041 ## - LANGUAGE CODE | |
| Language code of text/sound track or separate title | eng |
| 082 00 - DEWEY DECIMAL CLASSIFICATION NUMBER | |
| Edition number | 23 |
| Classification number | 541.39 |
| Author mark and year | BUT 1957 |
| 100 1# - MAIN ENTRY--PERSONAL NAME | |
| Personal name | Burr, John G. |
| 9 (RLIN) | 214270 |
| 245 10 - TITLE STATEMENT | |
| Title | Tracer applications for the study of organic reactions / |
| Statement of responsibility, etc. | John Green Burr |
| 260 ## - PUBLICATION, DISTRIBUTION, ETC. (IMPRINT) | |
| Place of publication, distribution, etc. | New York : |
| Name of publisher, distributor, etc. | Interscience Publishers, |
| Date of publication, distribution, etc. | c1957. |
| 300 ## - PHYSICAL DESCRIPTION | |
| Pagination | x, 291 p. : |
| Illustrations | ill. ; |
| Size | 24 cm. |
| 504 ## - BIBLIOGRAPHY, ETC. NOTE | |
| Bibliography, etc | Includes bibliography and indexes. |
| 650 #0 - SUBJECT ADDED ENTRY--TOPICAL TERM | |
| Topical term or geographic name as entry element | Chemical reactions. |
| 9 (RLIN) | 214271 |
| Topical term or geographic name as entry element | Tracers (Chemistry) |
| 9 (RLIN) | 159484 |
| Topical term or geographic name as entry element | Chemistry, Organic. |
| 9 (RLIN) | 214272 |
| 942 ## - ADDED ENTRY ELEMENTS (KOHA) | |
| Source of classification or shelving scheme | Dewey Decimal Classification |
| Koha item type | Books |
| Lost status | Source of classification or shelving scheme | Damaged status | Not for loan | Collection code | Permanent Location | Current Location | Shelving location | Date acquired | Source of acquisition | Cost, normal purchase price | Total Checkouts | Full call number | Date last seen | Copy number | Koha item type |
|---|---|---|---|---|---|---|---|---|---|---|---|---|---|---|---|
| Dewey Decimal Classification | Not For Loan | Non-fiction | Central Library, University of Rajshahi | Central Library, University of Rajshahi | Reading Room | 01/02/1963 | Zeitlinger | 68.00 | 541.39 BUT 1957 | 18/05/2017 | C-1 | Books |